| 000 | 01414cam a2200301 4500 | ||
|---|---|---|---|
| 001 | 3310 | ||
| 003 | BD-RjUL | ||
| 005 | 20211208233717.0 | ||
| 008 | 131218s1969 enkacf bs 101 0 eng | ||
| 020 | _a0197116329 | ||
| 035 | _a(BD-RjUL)3344 | ||
| 040 |
_aDLC _cDLC _dDLC _beng |
||
| 041 | _aeng | ||
| 082 | 0 | 0 |
_a338.1 _bINE 1969 |
| 111 | 2 |
_aInternational Conference of Agricultural Economists, _b13th, _cUniversity of Sydney, _d1967. _910432 |
|
| 245 | 1 | 4 | _aThe economist and farm people in a rapidly changing world: proceedings of the Thirteenth International Conference of Agricultural Economists, held at the University of Sydney, Sydney, New South Wales, Australia, 21-30 August 1967. |
| 260 |
_aLondon ; _aNew York : _bOxford U.P. , _c1969. |
||
| 300 |
_axiii, 542 p. _bplate, 1 illus., ports. _c24 cm. |
||
| 350 | _a70/- | ||
| 500 | _aSponsored by the International Association of Agricultural Economists. | ||
| 504 | _aIncludes bibliographical references. | ||
| 650 | 0 |
_aAgriculture _xEconomic aspects _xCongresses. _99668 |
|
| 710 | 2 |
_aInternational Association of Agricultural Economists. _910429 |
|
| 856 | _uhttp://www.worldcat.org/title/proceedings-of-the-thirteenth-international-conference-of-agricultural-economists-the-economist-and-farm-people-in-a-rapidly-changing-world/oclc/640799348&referer=brief_results | ||
| 942 |
_2ddc _cBK |
||
| 999 |
_c3310 _d3310 |
||